000 00870nam a2200229 i 4500
001 166363
003 ES-MaACL
005 20250626210411.0
008 050916s1896 fr | |||||||| ||fre d
040 _aCAM
_bspa
_cCAM
100 1 _aTönnies, Ferdinand.
_9110579
245 1 2 _aL'évoution sociale en Allemagne /
_cpar Ferdinand Toennies ; traduit de l'allemande par C. de Krauz.
260 _aParis :
_bV. Giard & E. Brière libraires-éditeurs,
_c1896.
300 _a51 p. ;
_c25 cm.
500 _aTodos los datos tomados de la cub. original.
651 _aAlemania-
_xSituación social-
_yS.XIX.
_9174119
700 1 _aKrauz, Kazimierz Kelles.
_9128491
852 _aES-MaACL
_jT-748-F-3
_z-- Enc. hol. conservando la cub. original
_z-- Donativo de Azcárate
_z-- Enc. en un vol. facticio
942 _2udc
999 _c166363
_d166363